Alle Torschützen WM 2014: Deutschland 7:1 Brasilien - Statistiken

Allgemein
  • Dieses Quiz wurde 2.372 mal gespielt
  • Das Durchschnittsergebnis liegt bei 7 aus 8
Antwortstatistiken
Deutschland:Brasilien Torschütze % Korrekt
1:0 Thomas Müller
98%
2:0 Miroslav Klose
95%
3:0 Toni Kroos
93%
4:0 Toni Kroos
93%
6:0 André Schürrle
91%
7:0 André Schürrle
91%
5:0 Sami Khedira
85%
7:1 Oscar
72%
Keine übereinstimmenden Quizze gefunden
Verteilung der Resultate
Anzahl Personen mit jedem Resultat
Perzentil nach korrekt beantworteten Fragen
Ihre Resultats-Entwicklung
Sie haben dieses Quiz noch nicht gespielt